[Event "Baden-ch U1400"]
[Site "Walldorf"]
[Date "2017.07.29"]
[Round "5"]
[White "Hermann, Eric"]
[Black "Backhaus, Michael"]
[Result "0-1"]
[WhiteElo "1368"]
[BlackElo "1166"]
[PlyCount "95"]
[EventDate "2017.07.26"]
[EventType "swiss"]
[EventRounds "7"]
[EventCountry "GER"]
[SourceTitle "EXT 2018"]
[Source "ChessBase"]
[SourceDate "2017.10.13"]
[SourceVersion "1"]
[SourceVersionDate "2017.10.13"]
[SourceQuality "1"]

1. d4 Nf6 2. b3 e6 3. Bb2 d5 4. e3 Nc6 5. a3 Bd6 6. Bd3 e5 7. dxe5 Bxe5 8. Bxe5 Nxe5 9. h3 Bd7 10. Nf3 Nxd3+ 11. Qxd3 0-0 12. Nbd2 a6 13. 0-0-0 Re8 14. Kb2 Bb5 15. Qd4 h6 16. Ne5 c5 17. Qf4 Qd6 18. Nd3 Qxf4 19. Nxf4 Rac8 20. Kb1 Red8 21. Rhe1 c4 22. b4 b6 23. Nf3 Ne4 24. Nxd5 Rxd5 25. Rxd5 Nc3+ 26. Kb2 Nxd5 27. c3 a5 28. Nd4 Ba4 29. g3 axb4 30. axb4 Bb3 31. Ra1 Kh7 32. e4 Nf6 33. f3 Rd8 34. Ra6 Rd6 35. e5 Rxd4 36. cxd4 Nd5 37. b5 Kg6 38. Ra7 Bd1 39. f4 c3+ 40. Kc1 c2 41. Ra2 Nb4 42. Rb2 Nd3+ 43. Kd2 c1Q+ 44. Kxd3 Qxb2 45. d5 Qxb5+ 46. Kd4 Qc5+ 47. Kd3 Qxd5+ 48. Kc3 0-1

[Event "Baden-ch U1400"]
[Site "Walldorf"]
[Date "2017.07.27"]
[Round "2"]
[White "Buttenmueller, Hans Peter"]
[Black "Hermann, Eric"]
[Result "0-1"]
[WhiteElo "1114"]
[BlackElo "1368"]
[PlyCount "64"]
[EventDate "2017.07.26"]
[EventType "swiss"]
[EventRounds "7"]
[EventCountry "GER"]
[SourceTitle "EXT 2018"]
[Source "ChessBase"]
[SourceDate "2017.10.13"]
[SourceVersion "1"]
[SourceVersionDate "2017.10.13"]
[SourceQuality "1"]

1. e4 d5 2. exd5 Nf6 3. Bc4 Nxd5 4. Bxd5 Qxd5 5. Nf3 Qe4+ 6. Kf1 Bg4 7. Nc3 Bxf3 8. gxf3 Qe6 9. d3 Nd7 10. Be3 Ne5 11. Rg1 0-0-0 12. f4 Qh3+ 13. Rg2 Nf3 14. Ne4 Nxh2+ 15. Kg1 Nf3+ 16. Kf1 Qh1+ 17. Ke2 Qxg2 18. Ng5 Nxg5 19. fxg5 Qg4+ 20. f3 Qb4 21. Rb1 Qa5 22. a3 e6 23. c3 Qe5 24. f4 Qf5 25. Qd2 Qg4+ 26. Kf2 Qf5 27. Rd1 Bc5 28. d4 Qh3 29. Rg1 Qf5 30. g6 hxg6 31. Qc1 Rh2+ 32. Kf1 Qh3+ 0-1